000 00447pab a2200181 454500
008 180718b2009 xxu||||| |||| 00| 0 eng d
100 _aSaxena, A.P.
245 _aRight to information act: towards good governance
260 _c2009
300 _ap.20-25.
362 _aJan-Dec
650 _aPublic administration
650 _aGood governance
650 _aRight to information
773 _aPrashasnika
908 _aN
909 _a86925
999 _c86925
_d86925